The fence and the river : culture and politics at the U.S. - Mexico border = La valla y el río : cultura y politicas en la frontera de Estados Unidos y México /
Gespeichert in:
| 1. Verfasser: | |
|---|---|
| Format: | Unbekannt |
| Sprache: | English |
| Veröffentlicht: |
Minneapolis :
University of Minnesota Press,
1999.
|
| Schlagworte: | |
| Tags: |
Tag hinzufügen
Keine Tags, Fügen Sie den ersten Tag hinzu!
|
MARC
| LEADER | 000000000a22000000004500 | ||
|---|---|---|---|
| 001 | 014256 | ||
| 020 | |a 0816629994 | ||
| 041 | 0 | |a eng | |
| 082 | 0 | 4 | |a 972.1 |b F791t |
| 100 | 1 | |a Fox, Claire F. | |
| 245 | 1 | 4 | |a The fence and the river : |b culture and politics at the U.S. - Mexico border = La valla y el río : cultura y politicas en la frontera de Estados Unidos y México / |c Claire F. Fox. |
| 246 | 3 | 1 | |a La valla y el río : cultura y politicas en la frontera de Estados Unidos y México |
| 260 | 1 | |a Minneapolis : |b University of Minnesota Press, |c 1999. | |
| 300 | |a 188 páginas : |b ilustraciones ; |c 26 cm. | ||
| 650 | 4 | |a REGION FRONTERIZA | |
| 650 | 4 | |a CULTURA POPULAR | |
| 650 | 4 | |a ESTADOS UNIDOS | |
| 650 | 4 | |a MEXICO | |
| 650 | 4 | |a HISTORIA | |
| 650 | 4 | |a SIGLO 20 | |
| 650 | 4 | |a RELACIONES | |
| 650 | 4 | |a POLITICAS Y GOBIERNO | |
| 500 | |a Colección George Yúdice | ||
| 999 | |c 20150 |d 20150 | ||
| 942 | |c BK |h 972.1 F791t |2 z | ||



